Schedule of professional charges (Record no. 105613)

MARC details
000 -LEADER
fixed length control field 00518cam a2200193 4500
001 - CONTROL NUMBER
control field ##L134240
008 - FIXED-LENGTH DATA ELEMENTS--GENERAL INFORMATION
fixed length control field 060719s1948 000 0 eng u
035 ## - SYSTEM CONTROL NUMBER
System control number (Sirsi) u134240
041 0# - LANGUAGE CODE
Language code of text/sound track or separate title eng
050 04 - LIBRARY OF CONGRESS CALL NUMBER
Classification number 331.2166 $2 18
110 2# - MAIN ENTRY--CORPORATE NAME
Corporate name or jurisdiction name as entry element Royal Institution of Chartered Surveyors
9 (RLIN) 4900
245 00 - TITLE STATEMENT
Title Schedule of professional charges
260 ## - PUBLICATION, DISTRIBUTION, ETC.
Place of publication, distribution, etc. London
Name of publisher, distributor, etc. RICS
Date of publication, distribution, etc. 1948
300 ## - PHYSICAL DESCRIPTION
Extent 31p.
Dimensions 12cm.
520 ## - SUMMARY, ETC.
Summary, etc. Effective from 1 September 18=948
651 #4 - SUBJECT ADDED ENTRY--GEOGRAPHIC NAME
Geographic name United Kingdom
Chronological subdivision
690 ## - LOCAL SUBJECT ADDED ENTRY--TOPICAL TERM (OCLC, RLIN)
Topical term or geographic name as entry element ABOUT RICS
942 ## - ADDED ENTRY ELEMENTS (KOHA)
Suppress in OPAC 0
Holdings
Withdrawn status Lost status Source of classification or shelving scheme Damaged status Not for loan Home library Current library Shelving location Date acquired Total Checkouts Full call number Barcode Date last seen Copy number Price effective from Koha item type
    Other/Generic Classification Scheme     London London RICS Boxes 19/07/2006   1948 134240-1001 06/08/2019 1 06/08/2019 Archive
    Other/Generic Classification Scheme     London London RICS Boxes 02/08/2011   1948 30077009 06/08/2019 2 06/08/2019 Reference material